000 00384nam a2200157Ia 4500
008 230711s9999||||xx |||||||||||||| ||und||
020 _a978-93-80005-61-4
041 _aENG
082 _a800
_bVE-A
100 _aVerne.Jules
245 0 _aGreatest works around the world in 80 days
260 _c2010
_aNew Delhi
_bMaple Press
300 _a671
650 _aLiterature
942 _cBK
999 _c5331
_d5331